|
|
|
|
| LEADER |
00000nam0a2200000 4500 |
| 001 |
281650 |
| 005 |
20231101235425.0 |
| 020 |
|
|
|a RU
|b 84-65060
|
| 035 |
|
|
|a (RuTPU)RU\TPU\book\305473
|
| 090 |
|
|
|a 281650
|
| 100 |
|
|
|a 20150124d1984 k a0rusy5003 ca
|
| 101 |
0 |
|
|a rus
|
| 102 |
|
|
|a RU
|
| 105 |
|
|
|a a z 001zy
|
| 200 |
1 |
|
|a Диссекторные следящие системы
|f И. Н. Пустынский, С. М. Слободян
|
| 210 |
|
|
|a Москва
|c Радио и связь
|d 1984
|
| 215 |
|
|
|a 136 с.
|c ил.
|
| 320 |
|
|
|a Библиогр.: с. 130-135
|
| 606 |
|
|
|a Диссекторы
|2 stltpush
|3 (RuTPU)RU\TPU\subj\9657
|9 36849
|
| 610 |
1 |
|
|a характеристики
|
| 610 |
1 |
|
|a устройство
|
| 610 |
1 |
|
|a шумы
|
| 610 |
1 |
|
|a диссекторские системы
|
| 610 |
1 |
|
|a чувствительность
|
| 610 |
1 |
|
|a поиск
|
| 610 |
1 |
|
|a обнаружение
|
| 610 |
1 |
|
|a точечные объекты
|
| 610 |
1 |
|
|a слежение
|
| 610 |
1 |
|
|a построение
|
| 610 |
1 |
|
|a примеры
|
| 675 |
|
|
|a 621.383.8
|v 3
|
| 700 |
|
1 |
|a Пустынский
|b И. Н.
|c радиотехник, доктор технических наук, профессор
|c ректор Томского государственного университета систем управления и радиоэлектроники (1984-1999)
|f 1934-2017
|g Иван Николаевич
|2 stltpush
|3 (RuTPU)RU\TPU\pers\11825
|
| 701 |
|
1 |
|a Слободян
|b С. М.
|c специалист в области электроэнергетики
|c профессор Томского политехнического университета, доктор технических наук
|f 1946-
|g Степан Михайлович
|2 stltpush
|3 (RuTPU)RU\TPU\pers\25829
|
| 801 |
|
0 |
|a RU
|b RuMRKP
|c 19950704
|g psbo
|
| 801 |
|
1 |
|a RU
|b 63413507
|c 20150124
|
| 801 |
|
2 |
|a RU
|b 63413507
|c 20220208
|g RCR
|
| 942 |
|
|
|c BK
|